deja vu - Olivia Rodrigo (All Lyrics) - Statistics

General Stats
  • This quiz has been taken 101 times
  • The average score is 275 of 319
Answer Stats
Lyrics % Correct
I
100%
to
100%
A
99%
She
97%
she
97%
we
97%
you
97%
you?
97%
you)
97%
déjà
96%
it
96%
vu
96%
vu?
96%
vu,
96%
but
95%
her
95%
her,
95%
that
95%
that,
95%
That
95%
the
95%
when
95%
And
93%
and
93%
Do
93%
do
93%
on
93%
your
93%
be
92%
cream,
92%
cream
92%
get
92%
ice
92%
one
92%
so
92%
So
92%
all
91%
did
91%
in
91%
In
91%
it's
91%
Strawberry
91%
was
91%
Malibu
89%
she's
89%
with
89%
you're
89%
You're
89%
know
88%
tell
88%
think
88%
too?
88%
too
88%
Billy
86%
(Ha
86%
ha
86%
ha,
86%
ha)
86%
reused
86%
reused)
86%
special,
86%
thinks
86%
two
86%
for
85%
how
85%
love
85%
bet
84%
(Oh
84%
oh)
84%
(Oh,
84%
(Oh)
84%
singin'
84%
Car
82%
gonna
82%
rides
82%
spoon
82%
who
82%
Girl"
81%
girl
81%
Play
80%
'Cause
78%
Joel
78%
used
78%
between
77%
jokes
77%
Laughin'
77%
looks
77%
place,
77%
say
77%
taught
77%
jackets
76%
like
76%
played
76%
Played
76%
small
76%
about
74%
'bout
74%
friends,
74%
is
74%
knows
74%
my
74%
of
74%
our
74%
act
73%
Now
73%
now
73%
now,
73%
together
73%
doesn't
72%
Don't
72%
first
72%
harmony
72%
just
72%
made
72%
tradin'
72%
unique,
72%
chorus
70%
Glee
70%
Watching
70%
Bein'
69%
didn't
69%
even
69%
shit,
69%
singing
69%
talked
69%
verse
69%
call
68%
name?
68%
new
68%
nothing
68%
same
68%
type
68%
(Yeah,
68%
found
66%
honest,
66%
let's
66%
show
66%
"Uptown
66%
hate
65%
piano,
65%
reruns
65%
songs
65%
annoying,
64%
different
64%
everything
64%
sayin'
64%
braggin'
62%
kinda
62%
sound
62%
there's
61%
almost
57%
actress
55%
Another
55%
(Ah)
54%
(Ooh;
53%
huh?
42%
hmm
35%
Hmm
35%
No matching quizzes found
Score Distribution
Percent of People with Each Score
Percentile by Number Answered
Your Score History
You have not taken this quiz